000
00281nam a2200121Ia 4500
008
260210s9999 xx 000 0 und d
020
_a
9789881296979
100
_a
TONG JIALIN
245
0
_a
INTERIOR LANDSCAPE
260
_b
DESIGN MEDIA PUB 2014
260
_c
2014
942
_c
BDES
999
_c
14061
_d
14061